<?xml version="1.0" encoding="UTF-8"?>
<collection xmlns="http://www.loc.gov/MARC21/slim">
  <record>
    <leader>00000nam  2200000   4500</leader>
    <controlfield tag="001">INLIS000000000016040</controlfield>
    <controlfield tag="005">20250618112054</controlfield>
    <datafield tag="035" ind1="#" ind2="#">
      <subfield code="a">0010-1023000122</subfield>
    </datafield>
    <controlfield tag="007">ta</controlfield>
    <controlfield tag="008">250618################g##########0#eng##</controlfield>
    <datafield tag="020" ind1="#" ind2="#">
      <subfield code="a">0 19 437090 9</subfield>
    </datafield>
    <datafield tag="082" ind1="#" ind2="#">
      <subfield code="a">407</subfield>
    </datafield>
    <datafield tag="084" ind1="#" ind2="#">
      <subfield code="a">407 KEN i</subfield>
    </datafield>
    <datafield tag="100" ind1=" " ind2="#">
      <subfield code="a">Kenning, M. J.</subfield>
    </datafield>
    <datafield tag="245" ind1="1" ind2="#">
      <subfield code="a">An Introduction to Computer Assisted Language Teaching /</subfield>
      <subfield code="c">M. J. Kenning, M-M. Kenning</subfield>
    </datafield>
    <datafield tag="260" ind1="#" ind2="#">
      <subfield code="a">Oxford :</subfield>
      <subfield code="b">Oxford University Press,</subfield>
      <subfield code="c">1984</subfield>
    </datafield>
    <datafield tag="300" ind1="#" ind2="#">
      <subfield code="a">195 halaman :</subfield>
      <subfield code="b">ilus ;</subfield>
      <subfield code="c">21,5 cm</subfield>
    </datafield>
    <datafield tag="650" ind1="#" ind2="4">
      <subfield code="a">Pendidikan Bahasa, Riset Bahasa dan Topik Terkait tentang Bahasa</subfield>
    </datafield>
    <datafield tag="700" ind1=" " ind2="#">
      <subfield code="a">M-M. Kenning</subfield>
    </datafield>
    <datafield tag="250" ind1="#" ind2="#">
      <subfield code="a">Cetakan ke 2</subfield>
    </datafield>
    <datafield tag="520" ind1="#" ind2="#">
      <subfield code="a">This book is intended for anyone who is looking for a practical introduction to the use of computers in language teaching, from the teacher who wants to keep abreast of developments and is curious about the new technology to the teacher with some programming experience who wishes to see how others tackle the same problems. &#13;
&#13;
The aim of the book is twofold: to assist those using computers for language teaching purposes and to explain how to write programmes. No knowlodge of programming is assumed. The intention is to help openminded novices to judge for themselves the potential of computer assisted instruction in language teaching whilst providing those already convinced with practical help and sample programmes. The book contains both general programming information and discussion of points specific to language teaching applications.</subfield>
    </datafield>
    <datafield tag="990" ind1="#" ind2="#">
      <subfield code="a">22120</subfield>
    </datafield>
  </record>
</collection>
